00576nam a2200121Ia 4500008004100000020001800041100002700059245010800086260003900194650016100233650001600394856004400410171212s9999 xx 000 0 und d a9780874214093 aSchroeder, Christopher cSchroeder, ChristopheraReinventing The UniversitybLiteracies and Legitimacy in the Postmodern Academy bUniversity Press of Coloradoc2001 aEducation, Higher -- United States -- Curricula; Postmodernism and education -- United States; Student participation in curriculum planning -- United States aLinguistics uhttp://www.jstor.org/stable/j.ctt46nz3f